ბათუმის შოთა რუსთაველის სახელმწიფო უნივერსიტეტის ბიბლიოთეკა

Основы тензорного анализа (ბიბ.ჩანაწერი № 48155)

000 -LEADER
fixed length control field 00554nam a2200205Ia 4500
001 - CONTROL NUMBER
control field 15037
003 - CONTROL NUMBER IDENTIFIER
control field GE_BSU
008 - FIXED-LENGTH DATA ELEMENTS--GENERAL INFORMATION
fixed length control field 181216s||||||||xx |||||||||||||| ||und||
040 ## - CATALOGING SOURCE
Transcribing agency GE_BSU
080 ## - UNIVERSAL DECIMAL CLASSIFICATION NUMBER
Universal Decimal Classification number 514.743
100 ## - MAIN ENTRY--PERSONAL NAME
Personal name Векуа,И.Н.
245 ## - TITLE STATEMENT
Title Основы тензорного анализа
245 ## - TITLE STATEMENT
Statement of responsibility, etc. Ред.Г.Ф.Манджавидзе
260 ## - PUBLICATION, DISTRIBUTION, ETC.
Place of publication, distribution, etc. Тбилиси
260 ## - PUBLICATION, DISTRIBUTION, ETC.
Name of publisher, distributor, etc. Тбилисск.ун-т
260 ## - PUBLICATION, DISTRIBUTION, ETC.
Date of publication, distribution, etc. 1967
300 ## - PHYSICAL DESCRIPTION
Extent 136стр.22см.
653 ## - INDEX TERM--UNCONTROLLED
Uncontrolled term Основы тензорного анализа
942 ## - ADDED ENTRY ELEMENTS (KOHA)
Koha item type წიგნი
ეგზემპლარები
Withdrawn status Lost status Damaged status Not for loan Date acquired Barcode Date last seen Price effective from Koha item type
        2018-12-17 17638 2018-12-17 2018-12-17 წიგნი
        2018-12-17 17637 2018-12-17 2018-12-17 წიგნი
        2018-12-17 17636 2018-12-17 2018-12-17 წიგნი